00257nam a2200109Ia 4500008004100000082001400041100002100055245001900076260002600095300000800121650001800129150301s2012 xx 000 0 und d a611bH12K aKOTHARI, MANU L. aHUMAN GENETICS bUNI.PUB.aINDIAc2012 a488 aHUMAN ANATOMY